Comparative Politics : (Record no. 14057)
[ view plain ]
| 000 -LEADER | |
|---|---|
| fixed length control field | 01691cam a2200349 a 4500 |
| 001 - CONTROL NUMBER | |
| control field | 15257654 |
| 005 - DATE AND TIME OF LATEST TRANSACTION | |
| control field | 20091208121324.0 |
| 008 - FIXED-LENGTH DATA ELEMENTS--GENERAL INFORMATION | |
| fixed length control field | 080411s2009 enka |rb 101 0 eng |
| 020 ## - INTERNATIONAL STANDARD BOOK NUMBER | |
| International Standard Book Number | 9780521885157 (hbk.) |
| 020 ## - INTERNATIONAL STANDARD BOOK NUMBER | |
| International Standard Book Number | 9780521712347 (pbk.) |
| 035 ## - SYSTEM CONTROL NUMBER | |
| System control number | (OCoLC)ocn224445544 |
| 035 ## - SYSTEM CONTROL NUMBER | |
| System control number | (OCoLC)224445544 |
| 040 ## - CATALOGING SOURCE | |
| Original cataloging agency | DLC |
| Transcribing agency | DLC |
| Modifying agency | BTCTA |
| -- | OCLCG |
| -- | YDXCP |
| -- | C#P |
| -- | CDX |
| -- | BWX |
| -- | VVC |
| -- | DLC |
| 050 00 - LIBRARY OF CONGRESS CALL NUMBER | |
| Classification number | JA86 |
| Item number | .C52 2009 |
| 082 00 - DEWEY DECIMAL CLASSIFICATION NUMBER | |
| Classification number | 320.3 |
| Edition number | 22 |
| Item number | POL |
| 245 00 - TITLE STATEMENT | |
| Title | Comparative Politics : |
| Remainder of title | Rationality, Culture, and Structure / |
| Statement of responsibility, etc | Edited by Mark Irving Lichbach, Alan S. Zuckerman. |
| 250 ## - EDITION STATEMENT | |
| Edition statement | 2nd ed. |
| 260 ## - PUBLICATION, DISTRIBUTION, ETC. (IMPRINT) | |
| Place of publication, distribution, etc | Cambridge ; |
| -- | New York : |
| Name of publisher, distributor, etc | Cambridge University Press, 2009 |
| Date of publication, distribution, etc | 2009. |
| 300 ## - PHYSICAL DESCRIPTION | |
| Extent | xvi, 497 p. : |
| Other physical details | ill. ; |
| Dimensions | 24 cm. |
| 490 1# - Series Statement | |
| Series statement | Cambridge Studies in Comparative Politics |
| -- | 14573 |
| 500 ## - GENERAL NOTE | |
| General note | Based on papers presented at a conference at the Bellagio Conference and Study Center in October 2006. |
| 504 ## - BIBLIOGRAPHY, ETC. NOTE | |
| Bibliography, etc | Includes bibliographical references (p.413-480) and indexes. |
| 650 #0 - SUBJECT ADDED ENTRY--TOPICAL TERM | |
| Topical term or geographic name as entry element | Political science |
| General subdivision | Research |
| Form subdivision | Congresses. |
| 9 (RLIN) | 14568 |
| 650 #0 - SUBJECT ADDED ENTRY--TOPICAL TERM | |
| Topical term or geographic name as entry element | Comparative government |
| General subdivision | Research |
| Form subdivision | Congresses. |
| 9 (RLIN) | 14569 |
| 700 1# - ADDED ENTRY--PERSONAL NAME | |
| Personal name | Lichbach, Mark Irving, |
| Dates associated with a name | 1951- |
| 9 (RLIN) | 14570 |
| 700 1# - ADDED ENTRY--PERSONAL NAME | |
| Personal name | Zuckerman, Alan S., |
| Dates associated with a name | 1945- |
| 9 (RLIN) | 14571 |
| 830 #0 - SERIES ADDED ENTRY--UNIFORM TITLE | |
| Uniform title | Cambridge studies in comparative politics. |
| 9 (RLIN) | 14572 |
| 856 41 - ELECTRONIC LOCATION AND ACCESS | |
| Materials specified | Table of contents only |
| Uniform Resource Identifier | <a href="http://www.loc.gov/catdir/toc/ecip0816/2008016517.html">http://www.loc.gov/catdir/toc/ecip0816/2008016517.html</a> |
| 942 ## - ADDED ENTRY ELEMENTS (KOHA) | |
| Source of classification or shelving scheme | Dewey Decimal Classification |
| Item type | Book - Borrowing |
| Withdrawn status | Item status | Source of classification or shelving scheme | Damaged status | Not for loan | Vendor | Home library | Current library | Shelving location | Date acquired | Source of acquisition | Cost, normal purchase price | Serial Enumeration / chronology | Total Checkouts | Total Renewals | Full call number | Barcode | Date last seen | Date last borrowed | Koha item type |
|---|---|---|---|---|---|---|---|---|---|---|---|---|---|---|---|---|---|---|---|
| Dewey Decimal Classification | Baccah | Central Library | Central Library | First floor | 03/06/2010 | 165.00 | 10351 | 4 | 28 | 320.3 POL | 000020981 | 15/07/2025 | 31/05/2016 | Book - Borrowing |